000 00530nam a2200193Ia 4500
003 GCL
005 20240530105938.0
008 140319s9999 xx 000 0 ara d
040 _aGCL /
_cGCL
082 0 4 _a320.101
_bج ت
245 _a000000000000
260 _a[S.N] :
_bدار المعارف ،
_c1954
300 _a178 ص
650 0 4 _aالسياسة
650 0 4 _aالنظم السياسية
650 0 4 _aالممارسة السياسية
700 1 _aحسن جلال العروسى
_eمترجم
942 _2ddc
_cBK
999 _c57718
_d57718